Kluby żużlowe występujące w Polsce - Statystyki

Ogólne statystyki
  • Ten quiz został rozwiązany 680 razy
  • Średni wynik to 17 z 23
Statystyki odpowiedzi
Liga Klub % Poprawnych
PGE Ekstraliga Motor Lublin
92%
PGE Ekstraliga Betard Sparta Wrocław
90%
PGE Ekstraliga Fogo Unia Leszno
90%
PGE Ekstraliga Moje Bermudy Stal Gorzów
89%
PGE Ekstraliga For Naturę Solutions Apator Toruń
87%
eWinner 1. ligi Stelmet Falubaz Zielona Góra
86%
PGE Ekstraliga Zielona -Energia.com Włókniarz Częstochowa
84%
PGE Ekstraliga Zooleszcz GKM Grudziądz
84%
eWinner 1. liga Cellfast Wilki Krosno
83%
eWinner 1. ligi Abramczyk Polonia Bydgoszcz
79%
eWinner 1. ligi ROW Rybnik
79%
2.liga Unia Tarnów
75%
2.liga Texom Stal Rzeszów
72%
eWinner 1. ligi Zdunek Wybrzeże Gdańsk
69%
2.liga Budmax-Stal Polonia Piła
68%
eWinner 1. ligi H. Skrzydlewska Orzeł Łódź
68%
2.liga SpecHouse PSŻ Poznań
66%
eWinner 1. ligi Aforti Start Gniezno
64%
2.liga Bedmet OK Kolejarz Opole
63%
2.liga Metalika Recykling Kolejarz Rawicz
61%
eWinner 1. ligi Trans MF Devils Landshut
44%
2.liga Optibet Lokomotiv Daugavpils
43%
PGE Ekstraliga Arged Malesa Ostrów Wlkp.
32%
Nie znaleziono quizów pasujących do podanych kryteriów
Rozkład punktacji
Procent ludzi z każdym wynikiem
Percentyl według liczby udzielonych odpowiedzi
Twoja historia wyników
Nie rozwiązałeś tego quizu